HIST3 (Record no. 215912)

MARC details
000 -LEADER
fixed length control field 00486nam a22001817a 4500
008 - FIXED-LENGTH DATA ELEMENTS--GENERAL INFORMATION
fixed length control field 250717b |||||||| |||| 00| 0 eng d
020 ## - INTERNATIONAL STANDARD BOOK NUMBER
International Standard Book Number 978-1-133-95354-8
050 ## - LIBRARY OF CONGRESS CALL NUMBER
Classification number E178.1 .S385 2014
100 ## - MAIN ENTRY--PERSONAL NAME
Personal name SCHULTZ, KEVIN M.
245 ## - TITLE STATEMENT
Title HIST3
250 ## - EDITION STATEMENT
Edition statement 3
260 ## - PUBLICATION, DISTRIBUTION, ETC.
Place of publication, distribution, etc. BOSTON, MA,
Name of publisher, distributor, etc. WADSWORTH, CENGAGE LEARNING,
Date of publication, distribution, etc. 2014
300 ## - PHYSICAL DESCRIPTION
Extent xiii,564p.:ILL
500 ## - GENERAL NOTE
General note INCLUDES INDEX
650 ## - SUBJECT ADDED ENTRY
Topical term or geographic name entry element UNITED STATES--HISTORY--TEXTBOOKS
942 ## - ADDED ENTRY ELEMENTS (KOHA)
Source of classification or shelving scheme Library of Congress Classification
Koha item type Long Loan Book
Holdings
Withdrawn status Lost status Source of classification or shelving scheme Damaged status Not for loan Collection Home library Current library Shelving location Date acquired Inventory number Total checkouts Full call number Barcode Date last seen Copy number Price effective from Koha item type Date last checked out
    Library of Congress Classification     Arts & Social Sciences Kisii University Library Kisii University Library On Display 07/17/2025 109282   E178.1 .S385 2014 000000018339 07/17/2025 1 07/17/2025 Long Loan Book  
    Library of Congress Classification     Arts & Social Sciences Kisii University Library Kisii University Library On Display 07/17/2025 109283   E178.1 .S385 2014 000000018446 07/17/2025 2 07/17/2025 Long Loan Book  
    Library of Congress Classification     Arts & Social Sciences Kisii University Library Kisii University Library On Display 07/17/2025 109284   E178.1 .S385 2014 000000018445 07/17/2025 3 07/17/2025 Long Loan Book  
    Library of Congress Classification     Arts & Social Sciences Kisii University Library Kisii University Library On Display 07/17/2025 109285   E178.1 .S385 2014 000000018444 07/17/2025 4 07/17/2025 Long Loan Book  
    Library of Congress Classification     Arts & Social Sciences Kisii University Library Kisii University Library On Display 07/17/2025 109286 1 E178.1 .S385 2014 000000018443 03/11/2026 5 07/17/2025 Long Loan Book 02/25/2026